000
00320nam a2200121Ia 4500
008
190216s9999||||xx |||||||||||||| ||und||
100
_a
"Cauvery R, Sudhanayak, Girija M , 
 Kruparami&Amp; Meenakshi"
245
0
_a
Research Methodology
260
_b
S Chand & Co
300
_a
215
650
_a
Commerce
942
_c
BK
999
_c
7104
_d
7104